00510nam a22001817a 450000500170000000800410001701000140005802000150007202000160008703500130010308200160011610000160013224500580014826000430020626000090024930000200025850000500027820081022122531.0081022t xxu||||| |||| 00| 0 eng d aENG-84317 a0195681606 c575.00 (hb) aEN-67850 a338.1 / ROB aRobb, Peter aPeasants, political economy, and law /cby Peter Robb aNew DelhibOxford University Presshing c2007 aviii,223pc24cm aIncludes bibliographical references and index